[Event "SK Doppelbauer Kiel-Hamburger SK"]
[Site "Greifswald"]
[Date "2013.09.14"]
[Round "6.1"]
[White "Kramer, Julian"]
[Black "Beeck, Mats"]
[Result "1-0"]
[WhiteElo "2137"]
[BlackElo "1839"]
[PlyCount "163"]
[EventDate "2013.??.??"]
[WhiteTeam "Hamburger SK"]
[BlackTeam "SK Doppelbauer Kiel"]

1. e4 c5 2. Nf3 d6 3. d4 cxd4 4. Nxd4 Nf6 5. Nc3 a6 6. Be3 Ng4 7. Bg5 h6 8. Bh4
g5 9. Bg3 Bg7 10. h3 Ne5 11. Qd2 Nbc6 12. Nf5 Bxf5 13. exf5 Qa5 14. Be2 Rc8 15.
O-O Nd7 16. Rad1 O-O 17. f4 Bf6 18. Kh2 Nd4 19. fxg5 hxg5 20. Bd3 Ne5 21. Ne4
Qxd2 22. Nxf6+ Kg7 23. Nh5+ Kh6 24. Rxd2 Kxh5 25. Be4 Ndc6 26. Bxe5 Nxe5 27.
Bxb7 Rb8 28. Bxa6 Rxb2 29. f6 e6 30. Rxd6 Rxc2 31. a4 g4 32. Bb7 gxh3 33. Kxh3
Rc4 34. a5 Rh4+ 35. Kg3 Rg4+ 36. Kh2 Ra4 37. a6 Kg6 38. Rdd1 Rh8+ 39. Kg1 Rhh4
40. Ra1 Nd7 41. Bc6 Rxa1 42. Rxa1 Nb6 43. a7 Rc4 44. a8=Q Nxa8 45. Bxa8 Kxf6
46. Kf2 Rc3 47. Bf3 Kg5 48. Kg3 Re3 49. Ra5+ f5 50. Ra8 e5 51. Rg8+ Kf6 52. Kf2
Rc3 53. g4 fxg4 54. Rxg4 Kf5 55. Rg8 Rc4 56. Rf8+ Ke6 57. Ke3 Rf4 58. Re8+ Kd6
59. Be4 Rh4 60. Rg8 Rh3+ 61. Bf3 Rh4 62. Rg6+ Ke7 63. Bd5 Rh5 64. Ke4 Rh1 65.
Kxe5 Re1+ 66. Be4 Kf7 67. Ra6 Ke7 68. Ra7+ Ke8 69. Kd5 Rd1+ 70. Ke6 Kd8 71. Bd5
Rc1 72. Kd6 Rc2 73. Rf7 Re2 74. Rb7 Rc2 75. Ra7 Rc1 76. Ra2 Rc3 77. Ra7 Rc1 78.
Ra4 Rc3 79. Ra2 Rc1 80. Ra7 Rc3 81. Rd7+ Ke8 82. Rg7 1-0

[Event "SK Doppelbauer Kiel-Hamburger SK"]
[Site "Greifswald"]
[Date "2013.09.14"]
[Round "6.2"]
[White "Pluska, Alexander"]
[Black "Hinrichs, Lars"]
[Result "0-1"]
[WhiteElo "1867"]
[BlackElo "2068"]
[PlyCount "104"]
[EventDate "2013.??.??"]
[WhiteTeam "SK Doppelbauer Kiel"]
[BlackTeam "Hamburger SK"]

1. d4 Nf6 2. c4 g6 3. Nc3 Bg7 4. e4 O-O 5. Nf3 c6 6. Bd3 d5 7. e5 Ne8 8. cxd5
cxd5 9. Qb3 Nc7 10. h3 Nc6 11. Bf4 Rb8 12. O-O Be6 13. Rac1 Qc8 14. Rfe1 Bf5
15. Bxf5 Qxf5 16. Be3 Qd7 17. Na4 Ne6 18. Nc5 Nxc5 19. Rxc5 e6 20. Rec1 Rfc8
21. Qa4 Bf8 22. R5c2 Qe7 23. Bg5 Qb4 24. Qxb4 Bxb4 25. a3 Be7 26. Bxe7 Nxe7 27.
Kf1 Rxc2 28. Rxc2 Rc8 29. Rxc8+ Nxc8 30. Ke2 Ne7 31. g4 h6 32. Nd2 Nc6 33. Kd3
Kf8 34. f4 Ke7 35. h4 Kd7 36. g5 h5 37. b3 Ne7 38. Nf3 Nf5 39. Kd2 Kc6 40. Kd3
Kb5 41. Kd2 a5 42. Kc3 a4 43. b4 Ne3 44. Nd2 Ng2 45. Nf3 Nxf4 46. Nd2 Ng2 47.
Nf3 Ne3 48. Nd2 Nf5 49. Nf3 Ne3 50. Nd2 Nc4 51. Nb1 b6 52. Kd3 Nxa3 0-1

[Event "SK Doppelbauer Kiel-Hamburger SK"]
[Site "Greifswald"]
[Date "2013.09.14"]
[Round "6.3"]
[White "Rogozenco, Teodora"]
[Black "Wanner, Lukas"]
[Result "0-1"]
[WhiteElo "1921"]
[BlackElo "1817"]
[PlyCount "130"]
[EventDate "2013.??.??"]
[WhiteTeam "Hamburger SK"]
[BlackTeam "SK Doppelbauer Kiel"]

1. d4 d5 2. c4 c6 3. cxd5 cxd5 4. Nf3 Nf6 5. Nc3 g6 6. Bf4 Bg7 7. e3 O-O 8. Bd3
a6 9. O-O Nh5 10. Bg5 h6 11. Bh4 Qd6 12. Rc1 e6 13. Qe2 f5 14. Bg3 Nxg3 15.
hxg3 Kh7 16. Kh2 Nd7 17. Rh1 Nf6 18. Kg1 Ne4 19. Nh2 Bd7 20. g4 b5 21. Nf1 Rac8
22. f3 Nxc3 23. Rxc3 Rxc3 24. bxc3 Rc8 25. g5 Rxc3 26. gxh6 Bf6 27. f4 Qa3 28.
Bb1 Rc1 29. Bd3 Rc3 30. Bb1 Rc1 31. Bd3 Ra1 32. g4 Rxa2 33. Qd1 Qc3 34. g5 Bxd4
35. Rh2 Rxh2 36. Kxh2 Bc5 37. Qe2 e5 38. Bb1 Bd6 39. Ng3 e4 40. Qa2 Qc6 41. Qa1
Bf8 42. Ba2 Qd6 43. Qd4 Be6 44. Qa7+ Kh8 45. Nh5 gxh5 46. g6 Qe7 47. g7+ Kg8
48. Qb8 Kf7 49. Qe5 Qh4+ 50. Kg2 Qg4+ 51. Kh2 Bxg7 52. Qc7+ Kg8 53. Qe7 Bf7 54.
hxg7 Qxg7 55. Qd8+ Kh7 56. Bxd5 Qb2+ 57. Kg3 Qd2 58. Kh4 Qxd5 59. Qf8 Qe6 60.
Qc5 Qg6 61. Kh3 h4 62. Kh2 b4 63. Qxb4 Qg3+ 64. Kh1 h3 65. Qd2 Qg2+ 0-1

[Event "SK Doppelbauer Kiel-Hamburger SK"]
[Site "Greifswald"]
[Date "2013.09.14"]
[Round "6.4"]
[White "Petersen, Finn Christopher"]
[Black "Elbracht, Michael"]
[Result "0-1"]
[WhiteElo "1573"]
[BlackElo "1772"]
[PlyCount "124"]
[EventDate "2013.??.??"]
[WhiteTeam "SK Doppelbauer Kiel"]
[BlackTeam "Hamburger SK"]

1. e4 c5 2. Nc3 a6 3. f4 b5 4. Nf3 Bb7 5. d3 e6 6. Be2 Nf6 7. O-O d5 8. e5 Nfd7
9. Qe1 Nc6 10. Kh1 Qc7 11. a4 b4 12. Nd1 a5 13. b3 O-O-O 14. Ne3 Be7 15. Qg3 g6
16. Bd2 Rdf8 17. Qh3 Kb8 18. Rae1 Ka8 19. Rg1 h5 20. g3 Nb6 21. Qg2 Rfg8 22. h4
Rf8 23. Kh2 Rhg8 24. Qf2 Qd7 25. Ref1 Rc8 26. Rd1 Nd4 27. Rge1 Nxe2 28. Rxe2 d4
29. Nc4 Nxc4 30. dxc4 Qc6 31. Kg2 Rcd8 32. Bc1 Rd7 33. Rd3 Rgd8 34. Kf1 Ka7 35.
Bd2 Qc8 36. Kg2 Qa8 37. Be1 Be4 38. Red2 Qb7 39. Rd1 Bxd3 40. cxd3 Rg8 41. Kg1
Rdd8 42. Qg2 Rdf8 43. Ng5 Qxg2+ 44. Kxg2 Kb7 45. Bf2 Kc7 46. Re1 Kd7 47. Nh7
Re8 48. Nf6+ Bxf6 49. exf6 e5 50. fxe5 Ke6 51. g4 hxg4 52. Bg3 g5 53. h5 Rh8
54. Rh1 Rh7 55. Rh2 Reh8 56. Rh1 Rxh5 57. Rxh5 Rxh5 58. Bh2 Rxh2+ 59. Kxh2 Kxe5
60. Kg3 Kxf6 61. Kxg4 Kg6 62. Kf3 f5 0-1

[Event "SK Wildeshausen-Stader SV"]
[Site "Greifswald"]
[Date "2013.09.14"]
[Round "6.1"]
[White "Vöge, Tobias"]
[Black "Grigorian, Spartak"]
[Result "1/2-1/2"]
[WhiteElo "2043"]
[BlackElo "2155"]
[PlyCount "24"]
[EventDate "2013.??.??"]
[WhiteTeam "Stader SV"]
[BlackTeam "SK Wildeshausen"]

1. d4 e6 2. c4 Nf6 3. Nc3 Bb4 4. Nf3 c5 5. g3 cxd4 6. Nxd4 O-O 7. Bg2 d5 8. O-O
Nc6 9. cxd5 Bxc3 10. Nxc6 bxc6 11. bxc3 cxd5 12. c4 Ba6 1/2-1/2

[Event "SK Wildeshausen-Stader SV"]
[Site "Greifswald"]
[Date "2013.09.14"]
[Round "6.2"]
[White "Finke, Maurice"]
[Black "Hammann, Jonas"]
[Result "1/2-1/2"]
[WhiteElo "1912"]
[BlackElo "1859"]
[PlyCount "118"]
[EventDate "2013.??.??"]
[WhiteTeam "SK Wildeshausen"]
[BlackTeam "Stader SV"]

1. d4 d5 2. c4 e6 3. Nc3 c5 4. Nf3 Nc6 5. e3 Nf6 6. cxd5 exd5 7. Be2 Be7 8. O-O
O-O 9. b3 Ne4 10. Bb2 Bf6 11. Na4 Bg4 12. dxc5 Bxb2 13. Nxb2 Nc3 14. Qd2 Nxe2+
15. Qxe2 Ne5 16. Nd3 Nxf3+ 17. gxf3 Bh3 18. Kh1 Bxf1 19. Rxf1 b6 20. b4 a5 21.
c6 b5 22. Ne5 Qc7 23. Nd7 Rfc8 24. Qxb5 Qxc6 25. Qxc6 Rxc6 26. b5 Rd6 27. Nc5
a4 28. Rb1 Rb6 29. Rb4 Ra5 30. Nxa4 Rbxb5 31. Rd4 h6 32. e4 dxe4 33. fxe4 Rg5
34. Nc3 Rac5 35. Rd3 Rc6 36. Re3 Rb6 37. Rg3 Rxg3 38. hxg3 Rc6 39. Nd5 Rc2 40.
Kg2 Rxa2 41. g4 f6 42. Kg3 Kf7 43. f3 Ra8 44. Kf4 Rh8 45. e5 fxe5+ 46. Kxe5 g6
47. Nf4 h5 48. gxh5 gxh5 49. Kf5 Rh6 50. Kg5 Rf6 51. Nxh5 Rxf3 52. Nf4 Ra3 53.
Kf5 Ra5+ 54. Ke4 Kf6 55. Nd3 Ke6 56. Kd4 Ra4+ 57. Kc5 Ra3 58. Kd4 Kd6 59. Ke4
Ra4+ 1/2-1/2

[Event "SK Wildeshausen-Stader SV"]
[Site "Greifswald"]
[Date "2013.09.14"]
[Round "6.3"]
[White "Dittmann, Tobias"]
[Black "Ngo, Minh Duc"]
[Result "0-1"]
[WhiteElo "1605"]
[BlackElo "1924"]
[PlyCount "120"]
[EventDate "2013.??.??"]
[WhiteTeam "Stader SV"]
[BlackTeam "SK Wildeshausen"]

1. d4 Nf6 2. Nf3 e6 3. Bf4 d5 4. e3 c5 5. c3 Nc6 6. Bd3 Be7 7. Nbd2 O-O 8. O-O
Re8 9. Re1 cxd4 10. exd4 h6 11. Nf1 Nh5 12. Bg3 Nxg3 13. Nxg3 Bd6 14. Ne5 Nxe5
15. dxe5 Bc5 16. Qg4 Qg5 17. Qa4 Rd8 18. Qc2 Bd7 19. Rad1 Rac8 20. Qe2 Bc6 21.
Kh1 g6 22. Rf1 h5 23. f4 Qh6 24. Qd2 h4 25. Ne2 h3 26. Nd4 hxg2+ 27. Qxg2 Bxd4
28. cxd4 Kf8 29. Qg5 Qxg5 30. fxg5 Ke7 31. Rf6 Rh8 32. Rdf1 Be8 33. R1f4 Rh3
34. Rf3 Rc1+ 35. Kg2 Rxf3 36. Kxf3 Ra1 37. Ke3 Rxa2 38. Rf2 Ra1 39. Rc2 Kd8 40.
Rc3 Rh1 41. Rc2 Ba4 42. Rf2 Ke7 43. Rg2 Re1+ 44. Re2 Rd1 45. Rd2 Rg1 46. Kf4
Bb3 47. Rf2 Rd1 48. Ke3 Re1+ 49. Re2 Rg1 50. Kf4 Bd1 51. Rd2 Rg4+ 52. Ke3 Bb3
53. Rf2 Rxg5 54. Kd2 Rh5 55. Kc3 Rh3 56. Rd2 Bc4 57. b3 Rxd3+ 58. Rxd3 Bxd3 59.
Kxd3 a5 60. Kc3 b5 0-1

[Event "SK Wildeshausen-Stader SV"]
[Site "Greifswald"]
[Date "2013.09.14"]
[Round "6.4"]
[White "Schumann, Steffen"]
[Black "Kragge, Jan"]
[Result "1-0"]
[WhiteElo "1793"]
[BlackElo "1397"]
[PlyCount "115"]
[EventDate "2013.??.??"]
[WhiteTeam "SK Wildeshausen"]
[BlackTeam "Stader SV"]

1. e4 e5 2. Nf3 Nc6 3. Bb5 a6 4. Bc4 d6 5. O-O Bd7 6. c3 Nf6 7. Re1 Be7 8. d4
b5 9. Bb3 exd4 10. cxd4 Na5 11. Bc2 O-O 12. Qd3 Bc8 13. Bg5 c5 14. e5 c4 15.
exf6 cxd3 16. fxe7 Qd7 17. exf8=Q+ Kxf8 18. Bxd3 Bb7 19. Nbd2 h6 20. Bh4 Nc6
21. a3 Nd8 22. Re7 Qc6 23. d5 Qc8 24. Rae1 g5 25. Bg3 Bxd5 26. Bxd6 Qc6 27.
Re8+ Kg7 28. Bf8+ Kf6 29. Be7+ Kg7 30. Bxd8 Be6 31. R8xe6 fxe6 32. Be4 Qd7 33.
Bf6+ Kxf6 34. Bxa8 g4 35. Ne4+ Kg7 36. Nc5 Qa7 37. Nxe6+ Kf6 38. Bd5 Qd7 39.
Ne5 Qxd5 40. Nxg4+ Kf7 41. Nxh6+ Kf6 42. Ng4+ Kf7 43. h4 Qd2 44. Ng5+ Kf8 45.
Re4 Qxb2 46. Rf4+ Ke7 47. Rf7+ Kd8 48. Ne6+ Ke8 49. Rc7 Qb1+ 50. Kh2 Qg6 51.
Rc8+ Ke7 52. Rc7+ Kd6 53. Rc6+ Ke7 54. Ne3 Qe4 55. Rxa6 Qxh4+ 56. Kg1 Qe4 57.
Ng5 Qe5 58. Re6+ 1-0

[Event "USV Potsdam-Schachunion Berlin"]
[Site "Greifswald"]
[Date "2013.09.14"]
[Round "6.1"]
[White "Geldner, Gerrit"]
[Black "Eichstädt, Mirko"]
[Result "1/2-1/2"]
[WhiteElo "1788"]
[BlackElo "1954"]
[PlyCount "34"]
[EventDate "2013.??.??"]
[WhiteTeam "Schachunion Berlin"]
[BlackTeam "USV Potsdam"]

1. c4 c6 2. d4 d5 3. cxd5 cxd5 4. Nc3 Nf6 5. Nf3 Nc6 6. Bf4 a6 7. e3 Bf5 8. a3
e6 9. Bd3 Bxd3 10. Qxd3 Bd6 11. Bxd6 Qxd6 12. O-O O-O 13. Rac1 Rac8 14. Na4 Ne4
15. Nc5 Nxc5 16. dxc5 Ne5 17. Nxe5 Qxe5 1/2-1/2

[Event "USV Potsdam-Schachunion Berlin"]
[Site "Greifswald"]
[Date "2013.09.14"]
[Round "6.2"]
[White "Cech, Tim"]
[Black "Torzinski, Nils"]
[Result "1/2-1/2"]
[WhiteElo "1803"]
[BlackElo "1803"]
[PlyCount "56"]
[EventDate "2013.??.??"]
[WhiteTeam "USV Potsdam"]
[BlackTeam "Schachunion Berlin"]

1. d4 d5 2. Nf3 Nf6 3. Nbd2 e6 4. e3 Be7 5. b3 c5 6. Bb2 Nc6 7. a3 O-O 8. Bd3
a6 9. dxc5 Bxc5 10. b4 Be7 11. c4 dxc4 12. Bxc4 b5 13. Ba2 Bb7 14. O-O Rc8 15.
Rc1 Qd7 16. Qe2 Bd8 17. Rfd1 Qe7 18. Nb3 Bb6 19. Nc5 Bxc5 20. Rxc5 Rfd8 21.
Rdc1 h6 22. Nd4 Nxd4 23. Bxd4 Rxc5 24. Rxc5 Nd5 25. h3 Qg5 26. Qg4 Qxg4 27.
hxg4 Rc8 28. Rxc8+ Bxc8 1/2-1/2

[Event "USV Potsdam-Schachunion Berlin"]
[Site "Greifswald"]
[Date "2013.09.14"]
[Round "6.3"]
[White "Lischeid, Kilian"]
[Black "Werthmann, Nils"]
[Result "1/2-1/2"]
[WhiteElo "1642"]
[BlackElo "1833"]
[PlyCount "56"]
[EventDate "2013.??.??"]
[WhiteTeam "Schachunion Berlin"]
[BlackTeam "USV Potsdam"]

1. c4 e5 2. Nc3 Nc6 3. g3 g6 4. Bg2 Bg7 5. Nf3 d6 6. d3 Be6 7. O-O h6 8. Be3
Qd7 9. Qb3 Rb8 10. Rfc1 Nge7 11. Qc2 Nf5 12. a3 h5 13. b4 h4 14. Qd2 hxg3 15.
fxg3 Nxe3 16. Qxe3 Bh6 17. Ng5 f6 18. Nce4 O-O 19. h4 fxg5 20. hxg5 Bg7 21. Rf1
Bf5 22. Rf2 Nd4 23. Raf1 Bxe4 24. Bxe4 Rxf2 25. Rxf2 Rf8 26. Bxg6 Qg4 27. Rxf8+
Bxf8 28. Qf2 Nxe2+ 1/2-1/2

[Event "USV Potsdam-Schachunion Berlin"]
[Site "Greifswald"]
[Date "2013.09.14"]
[Round "6.4"]
[White "Ender, Paul Marius"]
[Black "Nguyen, Phoung Thuy Anh"]
[Result "1-0"]
[WhiteElo "1519"]
[BlackElo "1436"]
[PlyCount "79"]
[EventDate "2013.??.??"]
[WhiteTeam "USV Potsdam"]
[BlackTeam "Schachunion Berlin"]

1. e4 e5 2. f4 Nc6 3. Nf3 exf4 4. Bc4 d6 5. d4 g5 6. h4 Be7 7. hxg5 Bxg5 8. g3
Bg4 9. c3 Qe7 10. O-O O-O-O 11. Qe1 Bxf3 12. Rxf3 d5 13. Bd3 dxe4 14. Qxe4 fxg3
15. Qf5+ Qe6 16. Qxe6+ fxe6 17. Bxg5 Re8 18. Nd2 Nge7 19. Bxe7 Nxe7 20. Raf1 h5
21. Rxg3 h4 22. Rh3 Reg8+ 23. Kf2 Nd5 24. Bc4 Nf4 25. Rf3 Nd5 26. Bxd5 exd5 27.
Rh1 Rg3 28. Ke2 Rxf3 29. Nxf3 h3 30. Kf2 Kd7 31. Ng1 Rf8+ 32. Kg3 Rg8+ 33. Kxh3
Rh8+ 34. Kg2 Rxh1 35. Kxh1 a5 36. Kg2 Kd6 37. Kf3 c5 38. Ke3 a4 39. Nf3 b5 40.
Kd3 1-0

[Event "SV Merseburg-Treptower SV"]
[Site "Greifswald"]
[Date "2013.09.14"]
[Round "6.1"]
[White "Pixa, Richard"]
[Black "Knopf, Felix"]
[Result "0-1"]
[WhiteElo "1993"]
[BlackElo "1968"]
[PlyCount "52"]
[EventDate "2013.??.??"]
[WhiteTeam "Treptower SV"]
[BlackTeam "SV Merseburg"]

1. d4 d5 2. c4 c6 3. Nc3 Nf6 4. Bg5 e6 5. cxd5 exd5 6. e3 Be7 7. Bd3 O-O 8. Qc2
Nbd7 9. Nge2 Re8 10. h3 Nf8 11. g4 Be6 12. Ng3 h6 13. Bxf6 Bxf6 14. O-O-O b5
15. Nf5 Rb8 16. Ne2 b4 17. Qd2 Qa5 18. Kb1 c5 19. dxc5 Bc3 20. Qc2 d4 21. Nfxd4
Qxa2+ 22. Kc1 Qa1+ 23. Qb1 Bxb2+ 24. Kd2 Bc3+ 25. Kc1 Qa3+ 26. Kc2 Ba2 0-1

[Event "SV Merseburg-Treptower SV"]
[Site "Greifswald"]
[Date "2013.09.14"]
[Round "6.2"]
[White "Hoffmann, Dustin"]
[Black "Klodt, Daniel"]
[Result "1-0"]
[WhiteElo "1754"]
[BlackElo "1752"]
[PlyCount "87"]
[EventDate "2013.??.??"]
[WhiteTeam "SV Merseburg"]
[BlackTeam "Treptower SV"]

1. e4 e6 2. d4 d5 3. Nc3 Bb4 4. e5 c5 5. a3 Bxc3+ 6. bxc3 Ne7 7. Qg4 Ng6 8. Bd3
Qc7 9. Bd2 Nd7 10. Nf3 O-O 11. h4 f5 12. Qg3 Re8 13. h5 Ngf8 14. Qh3 c4 15. Be2
Nb6 16. g4 Kh8 17. Rg1 Kg8 18. Qg3 Kh8 19. a4 a5 20. Bf4 Qd7 21. Kd2 Ra7 22.
Nh4 Qf7 23. g5 g6 24. hxg6 Nxg6 25. Nxg6+ hxg6 26. Rh1+ Kg8 27. Rh6 Qg7 28. Qh3
Nd7 29. Rh1 Nf8 30. Rh8+ Kf7 31. Qh6 Bd7 32. Kd1 Bxa4 33. Bc1 Raa8 34. Ba3 Qxh6
35. gxh6 Nd7 36. Rh7+ Kg8 37. Rg7+ Kh8 38. Rxg6 b5 39. Bh5 Nf8 40. Rg7 Reb8 41.
Rhg1 Nd7 42. Bd6 Rg8 43. Bf7 Rgd8 44. h7 1-0

[Event "SV Merseburg-Treptower SV"]
[Site "Greifswald"]
[Date "2013.09.14"]
[Round "6.3"]
[White "Hesse, Henrik"]
[Black "Le Hong, Quang Anh"]
[Result "1/2-1/2"]
[WhiteElo "1512"]
[BlackElo "1538"]
[PlyCount "120"]
[EventDate "2013.??.??"]
[WhiteTeam "Treptower SV"]
[BlackTeam "SV Merseburg"]

1. c4 Nf6 2. Nc3 e6 3. Nf3 d5 4. cxd5 exd5 5. d3 Bd6 6. g3 O-O 7. Bg2 c6 8. O-O
b5 9. a3 Bb7 10. Bd2 Nbd7 11. Rc1 Nb6 12. e3 a6 13. Ne2 Qe7 14. Ba5 Nfd7 15.
Nfd4 Rac8 16. Nf5 Qf6 17. Nxd6 Qxd6 18. Nf4 Rfe8 19. Bc3 Na4 20. Qd2 Nxc3 21.
Rxc3 Nb6 22. Rc2 h6 23. Rfc1 Rcd8 24. Bf3 Qf6 25. Bg4 Qg5 26. Bh3 Na4 27. b3
Nb6 28. Qa5 Na8 29. a4 Qf6 30. Qc3 d4 31. Qd2 dxe3 32. fxe3 Qe5 33. Kf2 Nb6 34.
axb5 cxb5 35. Rc5 Qf6 36. Qc3 Nd5 37. Qxf6 Nxf6 38. Rd1 Nd5 39. Nxd5 Bxd5 40.
b4 Kf8 41. Ra1 Rd6 42. Rc7 Be6 43. Bxe6 Rexe6 44. Ke2 Rd4 45. Rb1 h5 46. Kd2
Rg4 47. Rf1 Re7 48. Rc8+ Re8 49. Rxe8+ Kxe8 50. Kc3 f6 51. e4 Ke7 52. Kd4 h4
53. Ra1 hxg3 54. hxg3 Rxg3 55. Rxa6 g5 56. Rb6 Rg1 57. Rb8 Rb1 58. Kc3 g4 59.
Kc2 Rh1 60. Rb7+ Kf8 1/2-1/2

[Event "SV Merseburg-Treptower SV"]
[Site "Greifswald"]
[Date "2013.09.14"]
[Round "6.4"]
[White "Handke, Moritz"]
[Black "Pixa, Ulrich"]
[Result "0-1"]
[WhiteElo "1485"]
[BlackElo "1551"]
[PlyCount "66"]
[EventDate "2013.??.??"]
[WhiteTeam "SV Merseburg"]
[BlackTeam "Treptower SV"]

1. Nf3 Nc6 2. d4 e6 3. Bf4 Nf6 4. e3 b6 5. Bd3 Bb7 6. Nc3 Bb4 7. O-O Bxc3 8.
bxc3 Nd5 9. Qd2 Nxf4 10. exf4 O-O 11. Qe3 Ne7 12. Bxh7+ Kxh7 13. Ng5+ Kg6 14.
Qh3 Nf5 15. g4 Nh6 16. Qh4 Rh8 17. Rfe1 f5 18. Qh5+ Kf6 19. gxf5 Qe8 20. Qh4
Nxf5 21. Ne4+ Kf7 22. Ng5+ Kg6 23. Qg4 Rh4 24. Qe2 Rxf4 25. Nh3 Rh4 26. Kf1 Qh8
27. Ng1 Rxh2 28. Qg4+ Kf7 29. Re5 Qh4 30. Rxf5+ exf5 31. Qxf5+ Qf6 32. Qxd7+
Kg8 33. Re1 Qxf2# 0-1

[Event "USV VB Halle-Königsspr. Hamburg"]
[Site "Greifswald"]
[Date "2013.09.14"]
[Round "6.1"]
[White "Spät, Alexander"]
[Black "Altstadt, Karl-Simon"]
[Result "1-0"]
[WhiteElo "2019"]
[BlackElo "1808"]
[PlyCount "81"]
[EventDate "2013.??.??"]
[WhiteTeam "Königsspr. Hamburg"]
[BlackTeam "USV VB Halle"]

1. e4 c5 2. Nf3 d6 3. d4 cxd4 4. Qxd4 Nc6 5. Bb5 Bd7 6. Bxc6 Bxc6 7. Nc3 Nf6 8.
Bg5 e6 9. O-O-O Be7 10. Qd3 O-O 11. Nd4 a6 12. f4 Qc7 13. Rhe1 Rac8 14. e5 Nd5
15. Bxe7 Qxe7 16. Nxc6 bxc6 17. Ne4 Nxf4 18. Qa3 Qa7 19. exd6 Nxg2 20. Nf6+
gxf6 21. Qg3+ Kh8 22. Qxg2 Qc5 23. h4 Qc4 24. Qf2 f5 25. d7 Rb8 26. b3 Qc3 27.
Kb1 a5 28. Rd4 Qc5 29. Qd2 Rbd8 30. Rd3 Qb4 31. Qe3 Qe4 32. Qf2 Qb4 33. c4 Qe7
34. Qxf5 exf5 35. Rxe7 Kg7 36. Rd6 c5 37. Re5 f6 38. Rxf5 Rf7 39. Rxc5 Rfxd7
40. Rxd7+ Rxd7 41. Rxa5 1-0

[Event "USV VB Halle-Königsspr. Hamburg"]
[Site "Greifswald"]
[Date "2013.09.14"]
[Round "6.2"]
[White "Niggl, Michael"]
[Black "Pfreundt, Jakob"]
[Result "0-1"]
[WhiteElo "1419"]
[BlackElo "1903"]
[PlyCount "46"]
[EventDate "2013.??.??"]
[WhiteTeam "USV VB Halle"]
[BlackTeam "Königsspr. Hamburg"]

1. c4 e5 2. g3 Nc6 3. Nc3 Bc5 4. Bg2 a6 5. e3 d6 6. Nge2 Ba7 7. O-O h5 8. d4 h4
9. d5 Nce7 10. b4 hxg3 11. fxg3 Nf6 12. Qd3 Bg4 13. Ne4 Nxe4 14. Bxe4 f5 15.
Bg2 g6 16. Kh1 Ng8 17. Bb2 Qe7 18. Nf4 Qh7 19. h3 g5 20. Kg1 gxf4 21. Rxf4 exf4
22. Bxh8 Qxh8 23. hxg4 Qxa1+ 0-1

[Event "USV VB Halle-Königsspr. Hamburg"]
[Site "Greifswald"]
[Date "2013.09.14"]
[Round "6.3"]
[White "Lemke, Berfin"]
[Black "Geyer, Hannes"]
[Result "1-0"]
[WhiteElo "1695"]
[BlackElo "1313"]
[PlyCount "65"]
[EventDate "2013.??.??"]
[WhiteTeam "Königsspr. Hamburg"]
[BlackTeam "USV VB Halle"]

1. e4 c5 2. Nf3 d6 3. d4 cxd4 4. Nxd4 Nf6 5. Nc3 a6 6. Be2 e6 7. O-O Qc7 8. a4
b6 9. f4 Nbd7 10. Bf3 Bb7 11. Qe1 Qc4 12. Nf5 Nc5 13. b3 Nxb3 14. cxb3 Qc7 15.
Ng3 Be7 16. Ba3 O-O 17. Rc1 Qd7 18. Qd1 Rfd8 19. Qe2 b5 20. axb5 axb5 21. Bb4
e5 22. Rfd1 exf4 23. Nf5 Qe6 24. Bg4 Nxg4 25. Qxg4 Bf6 26. Rxd6 Rxd6 27. Bxd6
Bxc3 28. Qxf4 g6 29. Ne7+ Kh8 30. Rxc3 Ra1+ 31. Kf2 Ra2+ 32. Kg3 f6 33. Bc5 1-0

[Event "USV VB Halle-Königsspr. Hamburg"]
[Site "Greifswald"]
[Date "2013.09.14"]
[Round "6.4"]
[White "zur Nieden, Philipp"]
[Black "Samm, Bastian"]
[Result "1-0"]
[WhiteElo "1278"]
[BlackElo "1417"]
[PlyCount "43"]
[EventDate "2013.??.??"]
[WhiteTeam "USV VB Halle"]
[BlackTeam "Königsspr. Hamburg"]

1. e4 c5 2. Nf3 d6 3. d4 cxd4 4. Nxd4 Nf6 5. Nc3 g6 6. Bc4 Bg7 7. Be3 O-O 8.
Bb3 Nc6 9. f3 Bd7 10. Qd2 a6 11. g4 Qc7 12. h4 Rfc8 13. h5 Qa5 14. hxg6 hxg6
15. Nxc6 Rxc6 16. Bh6 Bh8 17. Qh2 Rac8 18. Bf8 Kxf8 19. Qxh8+ Ng8 20. Rh7 e6
21. Qg7+ Ke8 22. Qxf7+ 1-0

[Event "Hagener SV-SF Bremer Osten"]
[Site "Greifswald"]
[Date "2013.09.14"]
[Round "6.1"]
[White "Marach, Jonas"]
[Black "Worpenberg, Lukas"]
[Result "0-1"]
[WhiteElo "1641"]
[BlackElo "1802"]
[PlyCount "36"]
[EventDate "2013.??.??"]
[WhiteTeam "SF Bremer Osten"]
[BlackTeam "Hagener SV"]

1. c4 e5 2. Nc3 Nc6 3. Nf3 d6 4. g3 f5 5. Bg2 Nf6 6. d4 e4 7. Ng5 h6 8. Ngxe4
fxe4 9. Nxe4 Bf5 10. Nxf6+ Qxf6 11. e4 Bd7 12. Be3 O-O-O 13. a3 g5 14. b4 Bg7
15. e5 dxe5 16. Bxc6 Qxc6 17. d5 Qxc4 18. d6 Bc6 0-1

[Event "Hagener SV-SF Bremer Osten"]
[Site "Greifswald"]
[Date "2013.09.14"]
[Round "6.2"]
[White "Pappert, Florian"]
[Black "Cegielka, Michael"]
[Result "1-0"]
[WhiteElo "1676"]
[BlackElo "1647"]
[PlyCount "59"]
[EventDate "2013.??.??"]
[WhiteTeam "Hagener SV"]
[BlackTeam "SF Bremer Osten"]

1. e4 c5 2. Nf3 Nc6 3. d4 cxd4 4. Nxd4 e5 5. Nb5 a6 6. Nd6+ Bxd6 7. Qxd6 Qf6 8.
Qd1 Qg6 9. f3 Nf6 10. Nc3 O-O 11. Be3 b5 12. Qd2 Rb8 13. O-O-O b4 14. Nd5 a5
15. g4 Nxd5 16. Qxd5 Qe6 17. Be2 Rd8 18. Rd2 h6 19. Rhd1 a4 20. Qxe6 fxe6 21.
Bc4 Kf7 22. Rd6 Re8 23. f4 exf4 24. Bxf4 Ra8 25. Bb5 e5 26. Be3 Re6 27. Bc4 Ke7
28. Bxe6 Nd4 29. R6xd4 exd4 30. Bd5 1-0

[Event "Hagener SV-SF Bremer Osten"]
[Site "Greifswald"]
[Date "2013.09.14"]
[Round "6.3"]
[White "Genath, Daniel"]
[Black "Balasz, Kata"]
[Result "0-1"]
[WhiteElo "1459"]
[BlackElo "1668"]
[PlyCount "56"]
[EventDate "2013.??.??"]
[WhiteTeam "SF Bremer Osten"]
[BlackTeam "Hagener SV"]

1. e4 d5 2. exd5 Qxd5 3. Nc3 Qa5 4. d4 Nf6 5. Nf3 Bg4 6. Be2 Nc6 7. h3 Bh5 8.
Bf4 O-O-O 9. Be5 Bxf3 10. Bxc7 Qxc7 11. Bxf3 Nxd4 12. Bg4+ Nxg4 13. Qxg4+ f5
14. Qd1 Qe5+ 15. Kf1 Nb3 16. Qxd8+ Kxd8 17. axb3 a6 18. g3 e6 19. Kg2 Bb4 20.
Na4 Qe4+ 21. Kh2 Qxc2 22. Rhd1+ Ke7 23. Rac1 Qxf2+ 24. Kh1 Qf3+ 25. Kh2 Bd6 26.
Rg1 Qxb3 27. Nc5 Qxb2+ 28. Kh1 Bxg3 0-1

[Event "Hagener SV-SF Bremer Osten"]
[Site "Greifswald"]
[Date "2013.09.14"]
[Round "6.4"]
[White "Hoppe, Michael"]
[Black "Oleskow, Jan Christian"]
[Result "1-0"]
[WhiteElo "1596"]
[BlackElo "1385"]
[PlyCount "101"]
[EventDate "2013.??.??"]
[WhiteTeam "Hagener SV"]
[BlackTeam "SF Bremer Osten"]

1. d4 d5 2. Bf4 Bf5 3. Nc3 Nf6 4. f3 e6 5. Qd2 h6 6. e3 a6 7. O-O-O Nc6 8. Bd3
Bh7 9. Bxh7 Nxh7 10. Nge2 Bd6 11. e4 Be7 12. Rde1 Bd6 13. exd5 exd5 14. Nxd5
O-O 15. g4 f5 16. Rhg1 Bxf4 17. Ndxf4 Ng5 18. Ref1 Qe8 19. h4 Ne6 20. Nxe6 Qxe6
21. d5 Qd6 22. dxc6 bxc6 23. Qxd6 cxd6 24. Nd4 fxg4 25. fxg4 c5 26. Nf5 Rad8
27. Ne7+ Kh7 28. Rxf8 Rxf8 29. Nf5 Rd8 30. Rd1 d5 31. Ne7 d4 32. c3 d3 33. Nc6
Rd5 34. c4 Rd6 35. Ne5 Rd4 36. Rxd3 Rf4 37. Kc2 h5 38. Rg3 Re4 39. Nd7 Rxc4+
40. Rc3 Rxc3+ 41. Kxc3 hxg4 42. Kd2 Kh6 43. Ke2 Kh5 44. Kf2 Kxh4 45. Kg2 c4 46.
Ne5 Kg5 47. Nxc4 Kf5 48. b4 Ke6 49. a4 Kd7 50. b5 axb5 51. axb5 1-0

[Event "SV Bad Schwartau-SK Lehrte"]
[Site "Greifswald"]
[Date "2013.09.14"]
[Round "6.1"]
[White "Thieu, Ngyuen Gia Luat"]
[Black "Reinhardt, Johannes"]
[Result "1/2-1/2"]
[WhiteElo "1692"]
[BlackElo "1792"]
[PlyCount "48"]
[EventDate "2013.??.??"]
[WhiteTeam "SK Lehrte"]
[BlackTeam "SV Bad Schwartau"]

1. e4 d5 2. exd5 Qxd5 3. Nc3 Qd6 4. Bc4 Nf6 5. d4 a6 6. Nf3 b5 7. Bb3 Bb7 8.
Bg5 Nbd7 9. Qe2 e6 10. O-O-O Nd5 11. Nxd5 Bxd5 12. Bxd5 Qxd5 13. Kb1 Bb4 14.
Bd2 Be7 15. Rhe1 Qf5 16. Qe4 Qxe4 17. Rxe4 Nf6 18. Re2 O-O 19. Bg5 Rad8 20.
Red2 Rd5 21. Bxf6 Bxf6 22. c3 Rfd8 23. Kc2 Kf8 24. g3 Ke7 1/2-1/2